ARRUPE JESUIT UNIVERSITY

CORONAVIRUS -STOP THE SPREAD - CLEAN,DISINFECT,COVER

Ethical issues in modern medicine (Record no. 64651)

MARC details
000 -LEADER
fixed length control field 00645nam a2200229Ia 4500
003 - CONTROL NUMBER IDENTIFIER
control field 0100
005 - DATE AND TIME OF LATEST TRANSACTION
control field 20160913122150.0
008 - FIXED-LENGTH DATA ELEMENTS--GENERAL INFORMATION
fixed length control field 130303s9999 xx 000 0 und d
040 ## - CATALOGING SOURCE
Transcribing agency ARRUPELIB
050 ## - LIBRARY OF CONGRESS CALL NUMBER
Classification number R724.E788
300 ## - PHYSICAL DESCRIPTION
Other physical details 23 cm
245 ## - TITLE STATEMENT
Title Ethical issues in modern medicine
260 ## - PUBLICATION, DISTRIBUTION, ETC. (IMPRINT)
Place of publication, distribution, etc California
260 ## - PUBLICATION, DISTRIBUTION, ETC. (IMPRINT)
Name of publisher, distributor, etc Mayfield Publishing Company
300 ## - PHYSICAL DESCRIPTION
Extent 524p.
650 ## - SUBJECT ADDED ENTRY--TOPICAL TERM
Topical term following geographic name as entry element Mysticism - Catholic Church
9 (RLIN) 25735
650 ## - SUBJECT ADDED ENTRY--TOPICAL TERM
Location of event Contemplation
9 (RLIN) 25736
650 ## - SUBJECT ADDED ENTRY--TOPICAL TERM
Active dates Spiritual directors
9 (RLIN) 25736
650 ## - SUBJECT ADDED ENTRY--TOPICAL TERM
Topical term or geographic name as entry element Medical ethics
General subdivision Addresses
9 (RLIN) 25737
700 ## - ADDED ENTRY--PERSONAL NAME
Personal name Hunt, Robert ; Arras, John (ed.)
9 (RLIN) 25738
942 ## - ADDED ENTRY ELEMENTS (KOHA)
Source of classification or shelving scheme Library of Congress Classification
Koha issues (borrowed), all copies 2
Koha item type Monograph ( Printed materials)
Holdings
Withdrawn status Lost status Source of classification or shelving scheme Damaged status Not for loan Collection code Home library Current library Shelving location Date acquired Total Checkouts Full call number Barcode Date last seen Date checked out Copy number Price effective from Koha item type
    Library of Congress Classification     Main Collection ARRUPE LIBRARY ARRUPE LIBRARY   05/03/2013 4 R724.E788 46003098257 06/06/2024 29/02/2024 1 05/03/2013 Monograph ( Printed materials)

 

Arrupe Library. PO Box MP320 Mt Pleasant, Harare, Zimbabwe
263 242 745411|librarian@aju.ac.zw